| 000 | 00906cab a2200277 4500 | ||
|---|---|---|---|
| 001 | ABS56950 | ||
| 008 | 090401t1997 xxu||||| |||| 00| 0 eng d | ||
| 035 | _a(Sirsi) u78396 | ||
| 041 | _aeng | ||
| 100 | _aLees, N. | ||
| 245 | _aBuilding-management systems for your building | ||
| 260 | _c1997 | ||
| 350 | _a0 | ||
| 490 |
_aBuilding Services & Environmental Engineer _v20(8) April 1997, 25-28(4) |
||
| 520 | _aBuilding management systems are becoming more advanced with the controls industry achieving a substantial degree of interoperability. Considers its possibilities for building owners and developers. | ||
| 650 | _aBMS | ||
| 650 | _aBUILDING MANAGEMENT SYSTEMS | ||
| 650 | _aCONTROL SYSTEMS | ||
| 650 | _aINTEROPERABILITY | ||
| 690 |
_aBlock management _96220 |
||
| 700 | _aAldridge, A. | ||
| 700 | _aNicholls, J. | ||
| 700 | _aHamblin, J. | ||
| 942 | _n0 | ||
| 948 | _c19/05/1997 | ||
| 999 |
_c49342 _d49342 |
||